Sports Quiz

Random Sports or MLB Quiz

MLB Teams Last 5 200 Strikeout Seasons Quiz Stats

 Plays Quiz not verified by Sporcle

Score 0/147 Timer 10:00
0 Plays Today
Team Player % Correct
NationalsMax Scherzer
96.2%
NationalsMax Scherzer
96.2%
NationalsMax Scherzer
96.2%
NationalsMax Scherzer
96.2%
DodgersClayton Kershaw
96.2%
DodgersClayton Kershaw
96.2%
DodgersClayton Kershaw
96.2%
TigersMax Scherzer
96.2%
TigersMax Scherzer
96.2%
BrewersZack Greinke
95.7%
DodgersZack Greinke
95.7%
DodgersZack Greinke
95.7%
DiamondbacksZack Greinke
95.7%
RoyalsZack Greinke
95.7%
MetsJacob deGrom
95.1%
MetsJacob deGrom
95.1%
MetsJacob deGrom
95.1%
PhilliesCole Hamels
94.6%
PhilliesCole Hamels
94.6%
RangersCole Hamels
94.6%
CardinalsAdam Wainwright
94%
CardinalsAdam Wainwright
94%
CardinalsAdam Wainwright
94%
GiantsMadison Bumgarner
94%
GiantsMadison Bumgarner
94%
GiantsMadison Bumgarner
94%
Red SoxChris Sale
94%
Red SoxChris Sale
94%
White SoxChris Sale
94%
White SoxChris Sale
94%
White SoxChris Sale
94%
White SoxChris Sale
94%
YankeesCC Sabathia
93.5%
RaysJames Shields
93.5%
TigersJustin Verlander
93.5%
TigersJustin Verlander
93.5%
AstrosJustin Verlander
93.5%
IndiansCorey Kluber
92.9%
CubsJon Lester
92.4%
Red SoxJon Lester
92.4%
Red SoxJon Lester
92.4%
IndiansCorey Kluber
92.4%
BravesJohn Smoltz
91.8%
BravesGreg Maddux
91.8%
NationalsStephen Strasburg
91.8%
Blue JaysRoy Halladay
91.8%
Blue JaysRoy Halladay
91.8%
Blue JaysRoy Halladay
91.8%
Red SoxDavid Price
91.3%
Team Player % Correct
MarinersFelix Hernandez
91.3%
MarinersFelix Hernandez
91.3%
MarinersFelix Hernandez
91.3%
MarinersFelix Hernandez
91.3%
MetsNoah Syndergaard
90.2%
CubsJake Arrieta
89.1%
TwinsJohan Santana
89.1%
TwinsJohan Santana
89.1%
TwinsJohan Santana
89.1%
AngelsErvin Santana
89.1%
PhilliesCliff Lee
88.6%
PhilliesCliff Lee
88.6%
RedsJohnny Cueto
88%
CardinalsChris Carpenter
87.5%
YankeesRandy Johnson
87%
RoyalsBob Johnson
87%
PiratesGerrit Cole
86.4%
AstrosGerrit Cole
86.4%
GiantsTim Lincecum
85.9%
MarlinsJose Fernandez
84.2%
AstrosRoger Clemens
83.7%
PadresJake Peavy
83.2%
PadresJake Peavy
83.2%
AthleticsBarry Zito
82.6%
CardinalsCarlos Martinez
82.1%
PhilliesAaron Nola
81.5%
YankeesLuis Severino
80.4%
YankeesLuis Severino
80.4%
OriolesMike Mussina
79.9%
OriolesMike Mussina
79.9%
OriolesMike Mussina
79.9%
AstrosDallas Keuchel
78.3%
RaysChris Archer
77.7%
RaysChris Archer
77.7%
RaysChris Archer
77.7%
RaysBlake Snell
77.2%
RockiesUbaldo Jimenez
76.1%
IndiansCarlos Carrasco
76.1%
AngelsJered Weaver
76.1%
MarlinsAJ Burnett
75%
PiratesAJ Burnett
75%
Blue JaysAJ Burnett
75%
CubsCarlos Zambrano
74.5%
MetsRA Dickey
73.9%
RangersYu Darvish
73.9%
RangersYu Darvish
73.9%
IndiansTrevor Bauer
73.4%
PiratesFrancisco Liriano
68.5%
TwinsFrancisco Liriano
68.5%
Team Player % Correct
BrewersYovani Gallardo
67.4%
BrewersYovani Gallardo
67.4%
BrewersYovani Gallardo
67.4%
BrewersYovani Gallardo
67.4%
MarlinsAnibal Sanchez
65.8%
TigersAnibal Sanchez
65.8%
AstrosCharlie Morton
65.8%
DiamondbacksPatrick Corbin
65.2%
MarinersJames Paxton
63.6%
BravesKevin Millwood
61.4%
MarlinsKevin Brown
61.4%
RedsAaron Harang
61.4%
RedsAaron Harang
61.4%
DiamondbacksRobbie Ray
61.4%
DiamondbacksRobbie Ray
61.4%
AthleticsDave Stewart
61.4%
AthleticsVida Blue
59.8%
RedsJose Rijo
59.2%
RangersNolan Ryan
59.2%
PadresJames Shields
58.2%
AngelsChuck Finley
58.2%
AngelsChuck Finley
58.2%
AngelsChuck Finley
58.2%
CubsJeff Samardzija
53.8%
GiantsJeff Samardzija
53.8%
RangersCJ Wilson
52.7%
BravesMike Foltynewicz
51.6%
BravesJavier Vazquez
50.5%
White SoxJavier Vazquez
50.5%
MarlinsRyan Dempster
50%
CubsRyan Dempster
50%
DiamondbacksDan Haren
50%
RockiesGerman Marquez
48.9%
RoyalsKevin Appier
48.4%
OriolesErik Bedard
47.8%
IndiansMike Clevinger
47.3%
PadresIan Kennedy
46.2%
TwinsJose Berrios
45.1%
RedsEdinson Volquez
39.7%
PadresTyson Ross
39.7%
PiratesOliver Perez
37.5%
OriolesDave McNally
37%
AthleticsLefty Grove
34.8%
YankeesMichael Pineda
32.6%
RoyalsDennis Leonard
31.5%
RockiesPedro Astacio
27.7%
Blue JaysBrandon Morrow
20.1%
PiratesBob Veale
19.6%
AthleticsTodd Stottlemyre
9.2%

You're not logged in!

Compare scores with friends on all Sporcle quizzes.
OR
Log In

Sporcle TV

Today on Sporcle TV


Watch our educational content, quiz creation guides, and fun videos on Sporcle TV.

Show Comments

Extras

Top Quizzes Today


Score Distribution

Your Account Isn't Verified!

In order to create a playlist on Sporcle, you need to verify the email address you used during registration. Go to your Sporcle Settings to finish the process.

Report this User

Report this user for behavior that violates our Community Guidelines.

Details: